| 000 | 01327nam a2200301 4500 | ||
|---|---|---|---|
| 001 | 60 | ||
| 003 | OSt | ||
| 005 | 20250528074010.0 | ||
| 008 | 250122b |||||||g |||| 00| 1 eng d | ||
| 040 | _bpor | ||
| 041 |
_heng _apor |
||
| 082 |
_a813 _bB658m |
||
| 100 | 1 |
_aBlume, Judy. _d1938- _9158 |
|
| 240 | _aSmart Women | ||
| 245 |
_aMulheres Sabidas / _cBlume, Judy ; Tradução de Annie Buede |
||
| 260 |
_aSão Paulo _bCírculo do Livro _c1983 |
||
| 300 | _a298 P. | ||
| 520 | _aDuas pessoas na faixa dos trinta tentam encontrar seu caminho através das complicações do amor pós-casamento neste romance amado da autora best-seller nº 1 do New York Times, Judy Blume. Margo e BB são divorciadas, e cada uma está tentando reinventar sua vida no Colorado — enquanto suas respectivas filhas adolescentes assistem com uma mistura de humor e horror. Mas mesmo as mulheres inteligentes às vezes têm muito a aprender — e aprenderão, quando o ex-marido de BB se mudar para a casa ao lado de Margo... Inclui uma nova introdução do autor | ||
| 650 | 0 |
_aLiteratura Americana _984 |
|
| 650 | 0 |
_aAmor e Paixão _925 |
|
| 650 | 0 |
_aFamilia _935 |
|
| 650 | 0 |
_aDrama _918 |
|
| 650 | 0 |
_aEmponderamento _932 |
|
| 655 | 0 |
_aRomance _923 |
|
| 655 | 0 |
_aFicção _922 |
|
| 700 |
_aAnnie Buede _eTradutor _9159 |
||
| 942 |
_2ddc _n0 _cBK |
||
| 999 |
_c60 _d60 |
||